000 00636nam a2200277Ia 4500
005 20260324144637.0
008 008 260324s9999 xx 000 0 eng d
020 _a9780367352073
037 _aEBOOK
040 _aCRL
040 _beng
040 _cCRL
041 _2eng
041 _aeng
084 _qCRL
100 _aRobert R. van Oirsouw
_91220080
245 4 _aThe Syntax of Coordination
260 _bTaylor and Francis
260 _c1987
365 _a
365 _b240
856 _uhttp://www.taylorfrancis.com/books/9780367352073
942 _cEBOOK
999 _c1826946
_d1826946